00718cam a2200193 a 450000100100000000500170001000800410002704000250006808200170009310000290011024500810013926000500022030000350027050400550030565000740036065000310043470000270046570000320049200001445320200929163843.0920810s1988 cu ab b 001 0 spa  aDO-SdBNPbspacBNPHU a307.7bG913c1 aGuanche, Jesús,d1950-10aCaidije /cJesús Guanche, Dennis Moreno ; edición Natividad Alfaro Pena. aSantiago de Cuba :bEditorial Oriente,c1988. a139 p. :bil., mapas ;c18 cm. aIncluye referencias bibliográficas (p. 137-138). 4aHaitianoszCaidije (Camagüey, Cuba{Rpara}xVida social y costumbres 4aInmigranteszCubazCaidije1 aMoreno, Dennis,d1939-1 aAlfaro Pena, Natividadeed.